00653cam a22002052 450000100060000000300080000600500170001400800410003103500200007204000510009204100080014308200280015110000230017924500910020226000330029330000330032650400200035965000200037970000480039913732BD-RjUL20211208235513.0140201t1963 n 001 0 eng u a(BD-RjUL)13784) cNHMdSERdOCLdUKMdEQOdBD-RjULaBD-RjULbeng aeng04a621.38152218bSES 19631 aSeidman, Arthur H.10aSemiconductor fundamentals :bdevices and circuits /cby A.H.Seidman and S.L.Marshall. aNew York :bJ.Wiley,cc1963. aix,278 p. :billus. ;c24cm. aIncludes index. 0aSemiconductors.1 aMarshall, Samuel L.q(Samuel Louis),d1908-